000 01220nam a2200313 i 4500
001 bg
003 KOSZ 005
005 20220222132655.0
008 070913s1966 pl a f 001 0 pol
015 _aPB 1967/376
040 _aWA N
_cKOSZ 005/RW
_dKOSZ 005/RW
041 0 _apol
_beng
_bfre
_bger
080 _a69:725:796/799
245 0 0 _aUrządzenia sportowe :
_bprojektowanie i budowa : praca zbiorowa /
_cpod red. Romualda Wirszyłły ; [aut. Julian Brzuchowski et al. ; oprac. graf. Barbara Wochna] ; Instytut Urbanistyki i Architektury.
250 _aWyd. 3 poszerz.
260 _aWarszawa :
_b"Arkady",
_c1966.
300 _a567, [1] s. :
_bil., mapy, err. ;
_c27 cm.
380 _aKsiążki.
504 _aBibliogr. s. 542-548. Indeks.
546 _aStreszcz. ang., franc., niem.
650 4 _aObiekty i urządzenia sportowe
650 4 _aProjektowanie
700 1 _aWirszyłło, Romuald
_d(1906-1980).
_eRed.
700 1 _aBrzuchowski, Julian.
700 1 _aWochna, Barbara
_eIlustracje
710 2 _aWydawnictwo Arkady
_4pbl.
856 _uhttp://koha.tu.koszalin.pl/cgi-bin/koha/opac-detail.pl?biblionumber=7951
_yKatalog online BPK
942 _2UKD
_cKS
999 _c7951
_d7951